000 005510000a22001810004500
090 _aAR
_b00446
245 1 0 _aDifferences in home-range size between sexes of Microtus ochrogaster
650 1 4 _aUso del habitat
_93825
650 1 4 _aDistribución
_992865
650 1 4 _aEvolución
_992797
650 1 4 _aMorfometría
_993191
653 _gMicrotus
_eMicrotus ochrogaster
041 0 _aInglés
700 1 _aSlade, Norman A.
_993337
100 1 _aSwihart, Robert K.
_993416
942 _cARTICULO
773 1 _tJournal of Mammalogy
_3106
_h4
_q816-820
_d1989
_g70
999 _c9542
_d9542